Tous les joueurs sélectionnés en Equipe de France depuis 1990 - Statistiques

Statistiques générales
  • Ce quiz a été pris 74 fois
    41 depuis la dernière actualisation
  • Le résultat moyen est 140 sur 263
Statistiques - réponses
Première Sélection Dernière Sélection Nombre de sélection Joueurs % Correct
1994 2006 87 Fabian Barthez
93%
2008 2022 145 Hugo Lloris
93%
1997 1998 8 Ibrahim Ba
93%
2023 En cours 4 Khéphren Thuram
93%
1994 2008 142 Lilian Thuram
93%
2020 En cours 33 Marcus Thuram
93%
2011 2024 137 Olivier Giroud
93%
1989 2000 103 Didier Deschamps
90%
1995 2002 50 Frank Leboeuf
90%
1986 1995 54 Jean-Pierre Papin
90%
2007 2022 97 Karim Benzema
90%
2017 En cours 96 Kylian Mbappé
90%
2018 En cours 41 Lucas Hernandez
90%
2008 2022 35 Steve Mandanda
90%
2021 En cours 42 Théo Hernandez
90%
1997 2010 123 Thierry Henry
90%
2014 2024 137 Antoine Griezmann
87%
2020 En cours 29 Eduardo Camavinga
87%
1990 2003 63 Emmanuel Petit
87%
2017 En cours 13 Florian Thauvin
87%
1989 2000 97 Laurent Blanc
87%
2024 En cours 15 Michael Olise
87%
2016 En cours 58 Ousmane Dembélé
87%
1997 2009 107 Patrick Vieira
87%
2013 2022 93 Raphaël Varane
87%
1992 2004 97 Bixente Lizarazu
83%
1995 2008 71 Claude Makélélé
83%
1998 2008 71 David Trezeguet
83%
2025 En cours 6 Désiré Doué
83%
2006 2014 81 Franck Ribéry
83%
2011 2018 51 Laurent Koscielny
83%
2009 2021 71 Moussa Sissoko
83%
2016 En cours 67 N'Golo Kanté
83%
1998 2010 69 Nicolas Anelka
83%
2004 2016 81 Patrice Evra
83%
2016 2019 31 Samuel Umtiti
83%
1997 1999 14 Stéphane Guivarc'h
83%
1994 2006 108 Zinédine Zidane
83%
2018 En cours 5 Alphonse Areola
80%
2021 En cours 44 Aurélien Tchouaméni
80%
2017 En cours 55 Benjamin Pavard
80%
2024 En cours 18 Bradley Barcola
80%
1992 2002 53 Christian Karembeu
80%
2017 2021 28 Corentin Tolisso
80%
2020 En cours 36 Dayot Upamecano
80%
2004 2013 67 Eric Abidal
80%
2007 2015 15 Hatem Ben Arfa
80%
2021 En cours 46 Jules Koundé
80%
2015 En cours 61 Kingsley Coman
80%
2024 En cours 12 Manu Koné
80%
1993 2004 116 Marcel Desailly
80%
2013 2022 91 Paul Pogba
80%
2023 En cours 10 Warren Zaïre-Emery
80%
2008 2013 31 Yoann Gourcuff
80%
1993 2002 82 Youri Djorkaeff
80%
2010 2018 36 Adil Rami
77%
2017 2019 10 Benjamin Mendy
77%
1993 2000 44 Bernard Lama
77%
2004 2004 3 Bernard Mendy
77%
2023 En cours 4 Brice Samba
77%
2018 En cours 10 Ferland Mendy
77%
2001 2008 34 Grégory Coupet
77%
2022 En cours 27 Ibrahima Konaté
77%
2014 En cours 56 Lucas Digne
77%
2018 En cours 28 Presnel Kimpembe
77%
2022 En cours 32 Randal Kolo Muani
77%
1996 2004 79 Robert Pirès
77%
2022 En cours 31 William Saliba
77%
2007 2012 16 Abou Diaby
73%
2004 2012 44 Alou Diarra
73%
2009 2016 36 André-Pierre Gignac
73%
2010 2019 84 Blaise Matuidi
73%
1994 2002 55 Christophe Dugarry
73%
2016 2018 18 Djibril Sidibé
73%
2004 2012 80 Florent Malouda
73%
2007 2016 34 Lassana Diarra
73%
2023 En cours 9 Malo Gusto
73%
2010 2018 29 Mamadou Sakho
73%
2020 En cours 38 Mike Maignan
73%
2021 En cours 11 Moussa Diaby
73%
2015 En cours 25 Nabil Fékir
73%
2007 2013 41 Samir Nasri
73%
2013 2017 16 Alexandre Lacazette
70%
2015 2021 30 Anthony Martial
70%
2019 En cours 16 Clément Lenglet
70%
2010 2018 38 Dimitri Payet
70%
2002 2011 41 Djibril Cissé
70%
1987 1995 45 Eric Cantona
70%
2025 En cours 3 Jean-Philippe Mateta
70%
2025 En cours 1 Lucas Chevalier
70%
2011 2012 15 Marvin Martin
70%
2002 2012 29 Philippe Méxès
70%
2025 En cours 5 Rayan Cherki
70%
2017 2020 20 Steven Nzonzi
70%
2023 En cours 1 Wesley Fofana
70%
2000 2008 58 Willy Sagnol
70%
2018 2022 19 Wissam Ben-Yedder
70%
2016 En cours 57 Adrien Rabiot
67%
2022 En cours 2 Benoît Badiashile
67%
2016 2016 1 Benoît Costil
67%
2010 2013 24 Jérémy Ménez
67%
2022 En cours 14 Jonathan Clauss
67%
2010 2017 13 Kévin Gameiro
67%
2000 2005 17 Ludovic Giuly
67%
2014 2015 15 Morgan Schneiderlin
67%
2002 2010 49 Sidney Govou
67%
2010 2015 3 Stéphane Ruffier
67%
2016 2021 27 Thomas Lemar
67%
2007 2016 65 Bacary Sagna
63%
2012 2017 16 Christophe Jallet
63%
2025 En cours 7 Hugo Ekitike
63%
2011 2015 27 Mathieu Debuchy
63%
2004 2010 21 Sébastien Squillaci
63%
1999 2006 92 Sylvain Wiltord
63%
2002 2010 84 William Gallas
63%
2010 2016 48 Yohan Cabaye
63%
1997 2002 26 Alain Boghossian
60%
2003 2012 20 Anthony Réveillère
60%
2022 En cours 5 Axel Disasi
60%
2008 2013 12 Bafétimbi Gomis
60%
2006 2010 36 Jérémy Toulalan
60%
2010 2015 52 Mathieu Valbuena
60%
1996 2002 40 Vincent Candela
60%
2022 En cours 18 Christopher Nkunku
57%
1990 1995 17 David Ginola
57%
2008 2013 20 Gaël Clichy
57%
2010 2011 5 Guillaume Hoarau
57%
1993 1995 17 Paul Le Guen
57%
2025 En cours 3 Pierre Kalulu
57%
1999 2006 18 Vikash Dhorasoo
57%
2022 En cours 5 Boubacar Kamara
53%
2011 2011 1 Cédric Carrasso
53%
2013 2014 5 Clément Grenier
53%
2020 2020 1 Houssem Aouar
53%
2021 En cours 6 Jordan Veretout
53%
2014 2019 13 Layvin Kurzawa
53%
2019 2021 13 Léo Dubois
53%
2025 En cours 7 Maghnes Akliouche
53%
2011 2015 8 Maxime Gonalons
53%
2017 2017 1 Tiémoué Bakayoko
53%
1998 1998 8 Bernard Diomède
50%
1989 1992 11 Franck Silvestre
50%
2013 2015 5 Geoffrey Kondogbia
50%
2011 2016 5 Jérémy Mathieu
50%
2003 2007 13 Jérôme Rothen
50%
1999 2004 17 Johan Micoud
50%
1997 1997 1 Lionel Charbonnier
50%
2021 En cours 14 Mattéo Guendouzi
50%
2001 2007 11 Mickaël Landreau
50%
2001 2006 40 Mikaël Silvestre
50%
2018 En cours 7 Tanguy Ndombele
50%
1999 2003 12 Ulrich Ramé
50%
2012 2012 1 Clément Chantôme
47%
2004 2006 12 Gaël Givet
47%
2010 2010 1 Marc Planus
47%
2026 En cours 2 Maxence Lacroix
47%
2002 2004 9 Olivier Kapo
47%
2006 2006 1 Pascal Chimbonda
47%
2022 En cours 1 Adrien Truffert
43%
2018 2018 1 Alassane Pléa
43%
1986 1993 45 Basile Boli
43%
2023 En cours 1 Castello Lukeba
43%
2008 2008 1 Florent Sinama-Pongolle
43%
2006 2008 13 François Clerc
43%
2008 2012 5 Jimmy Briand
43%
2006 2006 1 Julien Faubert
43%
2004 2012 20 Louis Saha
43%
2004 2009 6 Peguy Luyindula
43%
2014 2014 4 Rémy Cabella
43%
2004 2014 13 Rio Mavuba
43%
2007 2008 2 Sébastien Frey
43%
2001 2001 1 Zoumana Camara
43%
2012 2015 5 Benoît Trémoulinas
40%
2013 2016 8 Eliaquim Mangala
40%
2012 2013 7 Etienne Capoue
40%
2003 2009 27 Jean-Alain Boumsong
40%
2023 En cours 2 Jean-Clair Todibo
40%
2019 2019 4 Jonathan Ikoné
40%
2006 2010 13 Julien Escudé
40%
2009 2014 30 Loïc Rémy
40%
1982 1992 60 Luis Fernandez
40%
1982 1992 82 Manuel Amoros
40%
2021 2021 1 Nordi Mukiele
40%
2015 2015 2 Paul-Georges Ntep
40%
1998 2000 8 Tony Vairelles
40%
1988 1996 25 Alain Roche
37%
2010 2010 1 Aly Cissokho
37%
2002 2005 22 Benoît Pedretti
37%
2001 2002 10 Eric Carrière
37%
1989 1996 23 Eric Di Meco
37%
2015 2021 11 Kurt Zouma
37%
1997 1999 4 Lionel Létizi
37%
2012 2014 4 Mapou Yanga-Mbiwa
37%
2010 2010 1 Michaël Ciani
37%
1996 2001 12 Sabri Lamouchi
37%
2008 2008 1 Steve Savidan
37%
2010 2012 22 Yann M'Vila
37%
2002 2004 3 Benoît Cheyrou
33%
2010 2011 2 Charles N'Zogbia
33%
2001 2001 1 Frédéric Née
33%
2007 2008 3 Mathieu Flamini
33%
1993 1997 26 Patrice Loko
33%
2020 2020 1 Ruben Aguilar
33%
2016 2016 1 Sébastien Corchia
33%
2011 2011 5 Younès Kaboul
33%
1994 1997 6 Bruno Ngotty
30%
2005 2005 1 Franck Jurietti
30%
1997 1999 7 Lilian Laslandes
30%
1996 1997 8 Patrick Laigle
30%
2008 2010 5 Rod Fanni
30%
1999 2001 9 Laurent Robert
27%
2012 2012 1 Morgan Amalfitano
27%
2000 2004 23 Steve Marlet
27%
1993 1996 19 Vincent Guérin
27%
2004 2005 3 Camel Meriem
23%
1996 1999 6 Florian Maurice
23%
1988 1993 39 Franck Sauzée
23%
1998 2000 5 Frédéric Déhu
23%
2013 2014 7 Joshua Guilavogui
23%
1995 1998 6 Marc Keller
23%
1995 1995 3 Mickaël Madar
23%
2001 2001 1 Nicolas Gillet
23%
2001 2004 21 Olivier Dacourt
23%
2000 2002 6 Philippe Christanval
23%
2007 2007 1 Frédéric Piquionne
20%
2001 2002 3 Jérémie Bréchet
20%
1990 1996 37 Jocelyn Angloma
20%
2025 En cours 1 Loïc Badé
20%
1990 1992 6 Rémi Garde
20%
1993 1996 25 Reynald Pedros
20%
1993 1996 14 Corentin Martins
17%
1994 1995 5 Jean-Michel Ferri
17%
1992 1992 3 Laurent Fournier
17%
1996 2000 6 Martin Djetou
17%
1994 1997 7 Nicolas Ouédec
17%
2003 2003 3 Ousmane Dabo
17%
1990 1994 22 Pascal Vahirua
17%
1996 1998 2 Alain Goma
13%
1989 1995 9 Christophe Cocard
13%
1992 1992 1 Jean-Luc Sassus
13%
1982 1990 37 Jean-Marc Ferreri
13%
2000 2000 1 Richard Dutruel
13%
1999 1999 1 Stéphane Porato
13%
1991 1992 3 Amara Simba
10%
1988 1991 13 Bernard Pardo
10%
1987 1996 31 Bruno Martini
10%
1988 1992 13 Christian Perez
10%
2002 2004 3 Daniel Moreira
10%
1990 1992 3 Fabrice Divert
10%
1996 1997 3 Franck Gava
10%
1990 1992 2 Gilles Rousset
10%
1993 1993 1 Jean-Luc Dogon
10%
1988 1992 26 Jean-Philippe Durand
10%
1994 1994 1 Jean-Pierre Cyprien
10%
1992 1994 2 Jérôme Gnako
10%
1988 1990 6 Marcel Dib
10%
1991 1991 1 Pascal Baills
10%
1997 1997 2 Patrick Blondeau
10%
1992 1992 1 William Prunier
10%
1996 1996 3 Cyrille Pouget
7%
1988 1992 30 Bernard Casoni
3%
1992 1993 4 Xavier Graveleine
3%
1990 1990 2 Philippe Tibeuf
0%
Aucun quiz correspondant
Distribution des résultats
% des personnes avec chaque résultat
Percentile par nombre de réponses
Votre historique - résultats
Vous n’avez pas pris ce quiz depuis la dernière actualisation